| 000 | 00408nam a2200169Ia 4500 | ||
|---|---|---|---|
| 005 | 20250603145814.0 | ||
| 008 | 250603s9999 xx 000 0 und d | ||
| 050 | _aKD 621 .A4/ | ||
| 100 | _aImam al-hafiz abi al-qurashi al-dimasqi | ||
| 245 | 0 | _aTafsir al-quran al-azeem | |
| 260 | _aCairo-Egypt | ||
| 260 | _bDar al-fagr | ||
| 260 | _c2013 | ||
| 300 | _a916 p | ||
| 650 | _aCairo-Egypt | ||
| 942 | _cBK | ||
| 999 |
_c42909 _d42909 |
||